[Event "Charlotte Fall-GM 2019"]
[Site "Charlotte"]
[Date "2019.11.29"]
[Round "3.1"]
[White "Jacobson, Brandon"]
[Black "Korley, Kassa"]
[Result "1-0"]
[WhiteElo "2452"]
[BlackElo "2447"]
[Annotator "TA"]
[PlyCount "99"]
[EventDate "2019.11.28"]
[EventType "tourn"]
[EventCountry "USA"]
[SourceTitle "playchess.com"]
[Source "ChessBase"]
[SourceQuality "1"]

{[%evp 12,99,43,43,39,39,34,37,41,28,47,50,48,38,54,54,67,0,37,35,38,33,44,0,0,0,0,0,0,0,0,-13,-18,-43,18,20,284,0,0,0,121,133,132,99,182,30,177,178,145,11,14,0,0,0,20,28,57,64,76,50,117,77,123,140,256,257,252,252,257,257,257,249,310,308,623,623,623,623,623,623,1086,1061,2239,2027,4133,4133,29984,29978,29984,29986]} 1. d4 Nf6 2. c4 g6 3. Nc3 Bg7 4. e4 d6 5. h3 O-O 6. Be3 c5 7. Nf3 Qa5 {E90: King's Indian: Classical: Early deviations and 6 h3} (7... cxd4 8. Nxd4 b6 9. Qd2 Bb7 10. f3 Nbd7 11. O-O-O Rc8 12. Bh6 Ne5 13. h4 Nxc4 14. Bxc4 Rxc4 15. Bxg7 Kxg7 16. h5 {1-0 (50) Lupulescu,C (2649)-Kovalev,V (2649) Riga 2019}) 8. Bd3 cxd4 9. Nxd4 Nc6 {White is slightly better.} 10. O-O Nxd4 11. Bxd4 Be6 12. Rc1 Rfc8 13. b3 a6 14. Qe2 $146 ({White should try} 14. f4 $14) ({Predecessor:} 14. f4 b5 15. f5 {1-0 (25) Osnos,V-Shagalovich,A Leningrad 1967}) 14... Nh5 (14... b5 $5) 15. Bxg7 Kxg7 16. Qe3 Qc5 17. Qxc5 Rxc5 18. f4 b5 {[%cal Rb5c4]} 19. f5 bxc4 20. Na4 ({Avoid the trap} 20. fxe6 $2 cxd3 21. Nb1 (21. Rxf7+ $2 Kg8 $19) 21... Rxc1 $17) 20... Re5 21. fxe6 cxd3 22. Nb6 Rf8 ({Better is} 22... d2 $15 23. Rcd1 Ra7 24. exf7 Kf8) 23. Nd7 $36 {[%mdl 2112] Double Attack. White has some pressure.} Ng3 $2 {[%mdl 8192]} (23... Rxe6 $11 {and Black stays safe.} 24. Nxf8 Kxf8) 24. Nxe5 $2 (24. Rxf7+ $18 Rxf7 25. exf7 Kxf7 26. Nxe5+ dxe5 27. Rd1) 24... dxe5 25. exf7 $1 Nxe4 $18 {[%mdl 4096] Endgame [#] KRR-KRN} (25... Nxf1 $11 {remains equal.} 26. Rxf1 d2) 26. Rf3 $1 $16 d2 27. Rcf1 h5 {[#]} (27... e6 $16 {was called for.}) 28. h4 $2 (28. Re3 $1 $18 {[%cal Re3e4]} Nf6 29. Rxe5) 28... g5 (28... Nf6 $11 {and Black is okay.}) 29. hxg5 $18 Kg6 30. g3 (30. b4 $16) 30... Nxg5 $11 31. Re3 Rxf7 ({Of course not} 31... Nxf7 $6 32. Rd1 $16) 32. Rd1 {White wants to play Kg2.} e4 33. Kg2 $1 Kf5 34. Rxd2 Nf3 35. Rde2 Ng5 (35... Nd4 $1 $14) 36. b4 Rg7 37. a4 {[%cal Ba2a4,Ba4b5,Bb5b6,Bb6b7][%mdl 32]} Ke5 (37... e6 $16 {was necessary.} 38. b5 axb5) 38. b5 $18 axb5 39. axb5 Rg6 40. Rb2 {Black must now prevent b6.} Rb6 41. Ra3 Nf3 42. Ra6 Rb8 $2 (42... Rb7 43. b6 Kd6) 43. b6 Ne1+ 44. Kf1 Nd3 45. Rb5+ Kd4 46. Ra4+ Ke3 47. b7 Kd2 48. Ra2+ Kd1 49. Rb1+ Nc1 50. Ra8 {Accuracy: White = 57%, Black = 28%.} 1-0

[Event "Charlotte Fall-GM 2019"]
[Site "Charlotte"]
[Date "2019.11.29"]
[Round "3.2"]
[White "Wang, Kevin"]
[Black "Nakar, Eylon"]
[Result "1/2-1/2"]
[WhiteElo "2416"]
[BlackElo "2433"]
[Annotator "RC"]
[PlyCount "59"]
[EventDate "2019.11.28"]
[EventType "tourn"]
[EventCountry "USA"]
[SourceTitle "playchess.com"]
[Source "ChessBase"]
[SourceQuality "1"]
[TimeControl "5400+30"]

1. d4 {[%emt 1:30:30]} Nf6 {[%emt 1:30:30]} 2. c4 {[%emt 0:00:30]} e6 {[%emt 0:00:30]} 3. Nf3 {[%emt 0:00:30]} d5 {[%emt 0:00:30]} 4. Nc3 {[%emt 0:00:30]} Be7 {[%emt 0:00:30]} 5. g3 {[%emt 0:00:30]} O-O {[%emt 0:00:30]} 6. Bg2 {[%emt 0:00:30]} dxc4 {[%emt 0:00:30]} 7. Ne5 {[%emt 0:00:30]} c5 {[%emt 0:00:30]} 8. dxc5 {[%emt 0:00:30]} Qxd1+ {[%emt 0:00:30]} 9. Nxd1 {[%emt 0:00:30]} Bxc5 {[%emt 0:00:30]} 10. Ne3 {[%emt 0:00:30]} Nbd7 {[%emt 0:00:30]} 11. N3xc4 {[%emt 0:00:30]} Nxe5 {[%emt 0:00:30]} 12. Nxe5 {[%emt 0:00:30]} Bb4+ {[%emt 0:00:30]} 13. Bd2 {[%emt 0:00:30]} Bxd2+ {[%emt 0:00:30]} 14. Kxd2 {[%emt 0:00:30]} Rd8+ {[%emt 0:00:30]} 15. Kc2 {[%emt 0:00:30]} Kf8 {[%emt 0:00:30]} 16. Rhd1 {[%emt 0:00:30]} Rxd1 {[%emt 0:00:30]} 17. Rxd1 {[%emt 0:00:30]} Ke7 {[%emt 0:00:30]} 18. a4 {[%emt 0:00:30]} Rb8 {[%emt 0:00:30]} 19. b4 {[%emt 0:00:30]} Bd7 {[%emt 0:00:30]} 20. Kb3 {[%emt 0:00:30]} Be8 {[%emt 0:00:30]} 21. b5 {[%emt 0:00:30]} Nd7 {[%emt 0:00:30]} 22. Nd3 {[%emt 0:00:30]} b6 {[%emt 0:00:30]} 23. Rc1 {[%emt 0:00:30]} Kd8 {[%emt 0:00:30]} 24. Kb4 {[%emt 0:00:30]} Rc8 {[%emt 0:00:30]} 25. Rxc8+ {[%emt 0:00:30]} Kxc8 {[%emt 0:00:30]} 26. a5 {[%emt 0:00:30]} f6 {[%emt 0:00:30]} 27. a6 {[%emt 0:00:30]} Ne5 {[%emt 0:00:30]} 28. Bb7+ {[%emt 0:00:30]} Kc7 {[%emt 0:00:30]} 29. Nf4 {[%emt 0:00:30]} Kd6 {[%emt 0:00:30]} 30. f3 {[%emt 0:00:30]} 1/2-1/2

[Event "Charlotte Fall-GM 2019"]
[Site "Charlotte"]
[Date "2019.11.29"]
[Round "3.3"]
[White "Grinberg, Eyal"]
[Black "Ringoir, Tanguy"]
[Result "1/2-1/2"]
[WhiteElo "2472"]
[BlackElo "2501"]
[Annotator "TA"]
[PlyCount "38"]
[EventDate "2019.11.28"]
[EventType "tourn"]
[EventCountry "USA"]
[SourceTitle "playchess.com"]
[Source "ChessBase"]
[SourceQuality "1"]

{[%evp 16,38,27,22,31,34,27,20,17,0,7,0,0,0,19,0,0,-37,-47,-47,113,111,89,109,101]} 1. e4 e5 2. Nf3 Nc6 3. Bb5 a6 4. Ba4 Nf6 5. O-O Be7 6. Re1 b5 7. Bb3 O-O 8. h3 Bb7 9. d3 d5 {C88: Closed Ruy Lopez: Anti-Marshall Systems} (9... d6 10. a3 Re8 11. Nc3 Qd7 12. Ne2 Nd8 13. Ng3 Ne6 14. Nf5 Bd8 15. Ng5 c5 16. Qf3 d5 17. exd5 Bxd5 18. Bxd5 Nxg5 19. Bxg5 Qxd5 {½-½ (51) Shankland,S (2705)-Ding,L (2811) chess.com INT 2019}) 10. exd5 Nxd5 11. Nbd2 Qd7 {The position is equal.} 12. Nf1 Bc5 13. Nxe5 Nxe5 14. Rxe5 {[#] And now c4 would win.} Bd4 15. Re1 $146 ({Predecessor:} 15. Rg5 h6 16. Qg4 Bxf2+ 17. Kxf2 {½-½ (31) Craciunescu,V (2452)-Bell,A (2389) ICCF email 2016}) 15... Rae8 16. c3 Nxc3 17. bxc3 Bxc3 $2 {[#]} (17... Rxe1 $1 $15 {keeps the upper hand.} 18. Qxe1 Qc6 {[%mdl 64] Double Attack}) 18. Be3 $1 $16 ({Of course not} 18. Rxe8 $6 Rxe8 19. Be3 Bxa1 $11) 18... Bxe1 19. Qxe1 Qxd3 1/2-1/2

[Event "Charlotte Fall-GM 2019"]
[Site "Charlotte"]
[Date "2019.11.29"]
[Round "3.4"]
[White "Yu, Jennifer"]
[Black "Paragua, Mark"]
[Result "1-0"]
[WhiteElo "2278"]
[BlackElo "2496"]
[Annotator "RC"]
[PlyCount "81"]
[EventDate "2019.11.28"]
[EventType "tourn"]
[EventCountry "USA"]
[SourceTitle "playchess.com"]
[Source "ChessBase"]
[SourceQuality "1"]
[TimeControl "5400+30"]

1. d4 {[%emt 1:30:30]} Nf6 {[%emt 1:30:30]} 2. c4 {[%emt 0:00:30]} g6 {[%emt 0:00:30]} 3. Nc3 {[%emt 0:00:30]} Bg7 {[%emt 0:00:30]} 4. e4 {[%emt 0:00:30]} d6 {[%emt 0:00:30]} 5. Nf3 {[%emt 0:00:30]} O-O {[%emt 0:00:30]} 6. Be2 {[%emt 0:00:30]} e5 {[%emt 0:00:30]} 7. O-O {[%emt 0:00:30]} Na6 {[%emt 0:00:30]} 8. a3 {[%emt 0:00:30]} c6 {[%emt 0:00:30]} 9. d5 {[%emt 0:00:30]} Bd7 {[%emt 0:00:30]} 10. b4 {[%emt 0:00:30]} cxd5 {[%emt 0:00:30]} 11. cxd5 {[%emt 0:00:30]} Rc8 {[%emt 0:00:30]} 12. Qb3 {[%emt 0:00:30]} Nh5 {[%emt 0:00:30]} 13. Bg5 {[%emt 0:00:30]} f6 {[%emt 0:00:30]} 14. Bd2 {[%emt 0:00:30]} f5 {[%emt 0:00:30]} 15. Rac1 {[%emt 0:00:30]} Nf4 {[%emt 0:00:30]} 16. Bxf4 {[%emt 0:00:30]} exf4 {[%emt 0:00:30]} 17. exf5 {[%emt 0:00:30]} g5 {[%emt 0:00:30]} 18. Ne4 {[%emt 0:00:30]} h6 {[%emt 0:00:30]} 19. Nxd6 {[%emt 0:00:30]} Rxc1 {[%emt 0:00:30]} 20. Rxc1 {[%emt 0:00:30]} Qe7 {[%emt 0:00:30]} 21. Bxa6 {[%emt 0:00:30]} bxa6 {[%emt 0:00:30]} 22. Nb7 {[%emt 0:00:30]} Bxf5 {[%emt 0:00:30]} 23. d6+ {[%emt 0:00:30]} Qf7 {[%emt 0:00:30]} 24. Qxf7+ {[%emt 0:00:30]} Rxf7 {[%emt 0:00:30]} 25. Nc5 {[%emt 0:00:30]} Rf8 {[%emt 0:00:30]} 26. Rd1 {[%emt 0:00:30]} Rd8 {[%emt 0:00:30]} 27. Rd5 {[%emt 0:00:30]} Bd7 {[%emt 0:00:30]} 28. Ne5 {[%emt 0:00:30]} Bxe5 {[%emt 0:00:30]} 29. Rxe5 {[%emt 0:00:30]} Bc6 {[%emt 0:00:30]} 30. Re6 {[%emt 0:00:30]} Bd5 {[%emt 0:00:30]} 31. Rxh6 {[%emt 0:00:30]} Kg7 {[%emt 0:00:30]} 32. Re6 {[%emt 0:00:30]} Kf7 {[%emt 0:00:30]} 33. Re7+ {[%emt 0:00:30]} Kf6 {[%emt 0:00:30]} 34. Nd7+ {[%emt 0:00:30]} Kg6 {[%emt 0:00:30]} 35. f3 {[%emt 0:00:30]} Ba2 {[%emt 0:00:30]} 36. Ne5+ {[%emt 0:00:30]} Kf6 {[%emt 0:00:30]} 37. Ng4+ {[%emt 0:00:30]} Kf5 {[%emt 0:00:30]} 38. d7 {[%emt 0:00:30]} Be6 {[%emt 0:00:30]} 39. Re8 {[%emt 0:00:30]} Rxd7 {[%emt 0:00:30]} 40. Rf8+ {[%emt 0:00:30]} Bf7 {[%emt 0:00:30]} 41. Rxf7+ {[%emt 0:00:30]} 1-0

[Event "Charlotte Fall-GM 2019"]
[Site "Charlotte"]
[Date "2019.11.29"]
[Round "3.5"]
[White "Reshef, Omer"]
[Black "Berczes, David"]
[Result "1/2-1/2"]
[WhiteElo "2461"]
[BlackElo "2452"]
[Annotator "RC"]
[PlyCount "130"]
[EventDate "2019.11.28"]
[EventType "tourn"]
[EventCountry "USA"]
[SourceTitle "playchess.com"]
[Source "ChessBase"]
[SourceQuality "1"]
[TimeControl "5400+30"]

1. e4 {[%emt 1:30:30]} e5 {[%emt 1:30:30]} 2. Nf3 {[%emt 0:00:30]} Nc6 {[%emt 0:00:30]} 3. Nc3 {[%emt 0:00:30]} Nf6 {[%emt 0:00:30]} 4. Bb5 {[%emt 0:00:30]} Bc5 {[%emt 0:00:30]} 5. Nxe5 {[%emt 0:00:30]} Nxe5 {[%emt 0:00:30]} 6. d4 {[%emt 0:00:30]} Bd6 {[%emt 0:00:30]} 7. f4 {[%emt 0:00:30]} Neg4 {[%emt 0:00:30]} 8. e5 {[%emt 0:00:30]} Bb4 {[%emt 0:00:30]} 9. exf6 {[%emt 0:00:30]} Nxf6 {[%emt 0:00:30]} 10. O-O {[%emt 0:00:30]} O-O {[%emt 0:00:30]} 11. Qf3 {[%emt 0:00:30]} c6 {[%emt 0:00:30]} 12. Bd3 {[%emt 0:00:30]} Qb6 {[%emt 0:00:30]} 13. Ne2 {[%emt 0:00:30]} d5 {[%emt 0:00:30]} 14. c3 {[%emt 0:00:30]} Bg4 {[%emt 0:00:30]} 15. Qf2 {[%emt 0:00:30]} Bxe2 {[%emt 0:00:30]} 16. Qxe2 {[%emt 0:00:30]} Bd6 {[%emt 0:00:30]} 17. Qf3 {[%emt 0:00:30]} c5 {[%emt 0:00:30]} 18. dxc5 {[%emt 0:00:30]} Bxc5+ {[%emt 0:00:30]} 19. Kh1 {[%emt 0:00:30]} Rfe8 {[%emt 0:00:30]} 20. b4 {[%emt 0:00:30]} Be3 {[%emt 0:00:30]} 21. Re1 {[%emt 0:00:30]} Bxc1 {[%emt 0:00:30]} 22. Raxc1 {[%emt 0:00:30]} g6 {[%emt 0:00:30]} 23. h3 {[%emt 0:00:30]} Rxe1+ {[%emt 0:00:30]} 24. Rxe1 Rc8 {[%emt 0:00:30]} 25. Bb1 {[%emt 0:01:00]} Qc7 {[%emt 0:00:30]} 26. Rc1 {[%emt 0:00:30]} Nh5 {[%emt 0:00:30]} 27. g3 {[%emt 0:00:30]} Qc4 {[%emt 0:00:30]} 28. Kg2 {[%emt 0:00:30]} Re8 {[%emt 0:00:30]} 29. Rf1 {[%emt 0:00:30]} d4 {[%emt 0:00:30]} 30. cxd4 {[%emt 0:00:30]} Qxd4 {[%emt 0:00:30]} 31. Qd3 {[%emt 0:00:30]} Rd8 {[%emt 0:00:30]} 32. Qxd4 {[%emt 0:00:30]} Rxd4 {[%emt 0:00:30]} 33. a3 {[%emt 0:00:30]} Nf6 {[%emt 0:00:30]} 34. Kf3 {[%emt 0:00:30]} Nd5 {[%emt 0:00:30]} 35. Rc1 {[%emt 0:00:30]} a5 {[%emt 0:00:30]} 36. bxa5 {[%emt 0:00:30]} Ra4 {[%emt 0:00:30]} 37. Rc5 {[%emt 0:00:30]} Rxa3+ {[%emt 0:00:30]} 38. Kf2 {[%emt 0:00:30]} Nc3 {[%emt 0:00:30]} 39. Bc2 {[%emt 0:00:30]} Kg7 {[%emt 0:00:30]} 40. Ke1 {[%emt 0:00:30]} Na2 {[%emt 0:00:30]} 41. Rb5 {[%emt 0:00:30]} Rxg3 {[%emt 0:00:30]} 42. Rxb7 {[%emt 0:00:30]} Ra3 {[%emt 0:00:30]} 43. Rb5 {[%emt 0:00:30]} Rxh3 {[%emt 0:00:30]} 44. Rb3 {[%emt 0:00:30]} Rxb3 {[%emt 0:00:30]} 45. Bxb3 Nb4 {[%emt 0:00:30]} 46. Kd2 {[%emt 0:01:00]} Kf6 {[%emt 0:00:30]} 47. Kc3 {[%emt 0:00:30]} Nc6 {[%emt 0:00:30]} 48. a6 {[%emt 0:00:30]} Ke7 {[%emt 0:00:30]} 49. Bd5 {[%emt 0:00:30]} Kd6 {[%emt 0:00:30]} 50. Bxf7 {[%emt 0:00:30]} Kc7 {[%emt 0:00:30]} 51. Kc4 {[%emt 0:00:30]} Kb6 {[%emt 0:00:30]} 52. Kd5 {[%emt 0:00:30]} Ne7+ {[%emt 0:00:30]} 53. Ke6 {[%emt 0:00:30]} Nf5 {[%emt 0:00:30]} 54. Bg8 {[%emt 0:00:30]} h5 {[%emt 0:00:30]} 55. Kf6 {[%emt 0:00:30]} h4 {[%emt 0:00:30]} 56. Bd5 {[%emt 0:00:30]} h3 {[%emt 0:00:30]} 57. Bf3 {[%emt 0:00:30]} Kxa6 {[%emt 0:00:30]} 58. Be4 {[%emt 0:00:30]} Ng3 {[%emt 0:00:30]} 59. Bf3 {[%emt 0:00:30]} Nf5 {[%emt 0:00:30]} 60. Bh1 {[%emt 0:00:30]} Ng3 {[%emt 0:00:30]} 61. Bf3 {[%emt 0:00:30]} Nh5+ {[%emt 0:00:30]} 62. Kxg6 {[%emt 0:00:30]} Nxf4+ {[%emt 0:00:30]} 63. Kf5 {[%emt 0:00:30]} Ng2 {[%emt 0:00:30]} 64. Kg4 {[%emt 0:00:30]} h2 {[%emt 0:00:30]} 65. Bxg2 {[%emt 0:00:30]} h1=B {[%emt 0:00:30]} 1/2-1/2

[Event "Charlotte Fall-GM 2019"]
[Site "Charlotte"]
[Date "2019.11.29"]
[Round "4.1"]
[White "Korley, Kassa"]
[Black "Grinberg, Eyal"]
[Result "1/2-1/2"]
[WhiteElo "2447"]
[BlackElo "2472"]
[Annotator "TA"]
[PlyCount "117"]
[EventDate "2019.11.28"]
[EventType "tourn"]
[EventCountry "USA"]
[SourceTitle "playchess.com"]
[Source "ChessBase"]
[SourceQuality "1"]

{[%evp 12,117,29,22,26,15,24,18,40,34,62,20,59,58,65,52,43,52,46,0,0,-25,6,-20,-13,-129,-117,-130,-125,-118,-124,-115,-126,-118,-118,-125,-117,-116,-114,-122,-116,-237,-227,-217,-39,-68,-22,-25,-18,-27,-19,-12,15,13,13,0,0,0,0,0,20,20,20,20,20,20,20,20,20,20,28,28,28,28,28,24,24,24,28,28,28,0,28,0,28,20,28,20,24,24,24,24,24,18,20,16,16,16,16,15,14,14,14,14,14,0,0,0]} 1. d4 d5 2. c4 c6 3. Nc3 Nf6 4. cxd5 cxd5 5. Bf4 Nc6 6. e3 Bg4 7. f3 Bd7 {D10: Slav Defence: 3 cxd5 (without early Nf3) and 3 Nc3} 8. g4 e6 9. Bd3 (9. Rc1 Be7 10. Bd3 Rc8 11. Nge2 a6 12. h4 b5 13. Bg3 Na5 14. Kf2 Nc4 15. Rc2 {1-0 (30) Le,Q (2703)-Mamedyarov,S (2757) Beijing 2013}) 9... Bb4 10. Nge2 h6 $146 ({Predecessor:} 10... O-O 11. Qc2 Rc8 12. a3 Bxc3+ 13. bxc3 Kh8 14. h4 Qe7 15. Be5 Nxe5 16. dxe5 {0-1 (44) Bernadskiy,V (2514)-Postny,E (2606) Kishinev 2017}) 11. Kf2 a6 12. h4 Qe7 13. Ng3 Bd6 14. Bxd6 Qxd6 15. g5 Ng8 $1 16. f4 Nge7 17. Qd2 O-O-O 18. b4 (18. Nh5 $11) 18... hxg5 $17 ({Much less strong is} 18... Qxb4 19. Rab1 $15) ({Don't take} 18... Nxb4 19. Be2) 19. hxg5 Nxb4 20. Be2 f6 $1 21. gxf6 gxf6 22. Rab1 Rxh1 23. Rxh1 e5 24. dxe5 fxe5 25. Nce4 Qb6 26. Qc3+ (26. Rb1 $17) 26... Nec6 $19 27. Qc5 {[#]} Qxc5 $2 (27... Qc7 $1 $19 28. Nd6+ Kb8 29. fxe5 {[#]} Bg4 $1 {[%mdl 512]}) 28. Nxc5 $15 exf4 29. exf4 Nxa2 30. Rh7 $1 Nb8 $1 31. f5 b6 32. Ne6 Re8 33. Bh5 Rxe6 34. fxe6 Bxe6 35. Rh6 Kd7 36. Ne2 {Hoping for Nd4.} Nc6 37. Nf4 Bf5 $1 38. Nxd5 b5 39. Be8+ Kxe8 40. Rxc6 $11 {[%mdl 4096] Endgame KRN-KBN} Bd3 41. Rxa6 Bc4 42. Ne3 Bb3 43. Ke1 Kd7 44. Kd2 Be6 45. Nc2 Bd5 46. Ne3 Be6 47. Nc2 Bd5 48. Nd4 b4 49. Ra5 Bc4 50. Rc5 Bg8 51. Rg5 Bc4 52. Kc2 Nc3 {The position is equal.} 53. Nf3 {Black must now prevent Ne5+.} Kd6 54. Rg6+ Kc5 55. Ne5 Bd5 56. Nd3+ Kd4 57. Rg4+ Be4 58. Rxe4+ Nxe4 59. Nxb4 {Accuracy: White = 61%, Black = 65%.} 1/2-1/2

[Event "Charlotte Fall-GM 2019"]
[Site "Charlotte"]
[Date "2019.11.29"]
[Round "4.1"]
[White "Korley, Kassa"]
[Black "Grinberg, Eyal"]
[Result "*"]
[WhiteElo "2447"]
[BlackElo "2472"]
[Annotator "ChessBase"]
[PlyCount "49"]
[EventDate "2019.11.28"]
[EventType "tourn"]
[EventCountry "USA"]
[SourceTitle "playchess.com"]
[Source "ChessBase"]
[SourceQuality "1"]
[TimeControl "5400+30"]

1. d4 {[%emt 1:30:30]} d5 {[%emt 1:30:30]} 2. c4 {[%emt 0:00:30]} c6 {[%emt 0:00:30]} 3. Nc3 {[%emt 0:00:30]} Nf6 {[%emt 0:00:30]} 4. cxd5 {[%emt 0:00:30]} cxd5 {[%emt 0:00:30]} 5. Bf4 {[%emt 0:00:30]} Nc6 {[%emt 0:00:30]} 6. e3 {[%emt 0:00:30]} Bg4 {[%emt 0:00:30]} 7. f3 {[%emt 0:00:30]} Bd7 {[%emt 0:00:30]} 8. g4 e6 {[%emt 0:00:30]} 9. Bd3 {[%emt 0:01:00]} Bb4 {[%emt 0:00:30]} 10. Nge2 {[%emt 0:00:30]} h6 {[%emt 0:00:30]} 11. Kf2 {[%emt 0:00:30]} a6 {[%emt 0:00:30]} 12. h4 {[%emt 0:00:30]} Qe7 {[%emt 0:00:30]} 13. Ng3 {[%emt 0:00:30]} Bd6 {[%emt 0:00:30]} 14. Bxd6 {[%emt 0:00:30]} Qxd6 {[%emt 0:00:30]} 15. g5 {[%emt 0:00:30]} Ng8 {[%emt 0:00:30]} 16. f4 {[%emt 0:00:30]} Nge7 {[%emt 0:00:30]} 17. Qd2 {[%emt 0:00:30]} O-O-O {[%emt 0:00:30]} 18. b4 {[%emt 0:00:30]} hxg5 {[%emt 0:00:30]} 19. hxg5 {[%emt 0:00:30]} Nxb4 {[%emt 0:00:30]} 20. Be2 {[%emt 0:00:30]} f6 {[%emt 0:00:30]} 21. gxf6 {[%emt 0:00:30]} gxf6 {[%emt 0:00:30]} 22. Rab1 {[%emt 0:00:30]} Rxh1 {[%emt 0:00:30]} 23. Rf1 {[%emt 0:00:30]} Rg1 24. Rxg1 e5 {[%emt 0:01:00]} 25. Rh1 *

[Event "Charlotte Fall-GM 2019"]
[Site "Charlotte"]
[Date "2019.11.29"]
[Round "4.2"]
[White "Paragua, Mark"]
[Black "Reshef, Omer"]
[Result "0-1"]
[WhiteElo "2496"]
[BlackElo "2461"]
[Annotator "RC"]
[PlyCount "94"]
[EventDate "2019.11.28"]
[EventType "tourn"]
[EventCountry "USA"]
[SourceTitle "playchess.com"]
[Source "ChessBase"]
[SourceQuality "1"]
[TimeControl "5400+30"]

1. Nf3 {[%emt 1:30:30]} c5 {[%emt 1:30:30]} 2. c4 {[%emt 0:00:30]} Nc6 {[%emt 0:00:30]} 3. Nc3 {[%emt 0:00:30]} e5 {[%emt 0:00:30]} 4. e3 {[%emt 0:00:30]} Nf6 {[%emt 0:00:30]} 5. a3 {[%emt 0:00:30]} Be7 {[%emt 0:00:30]} 6. d4 {[%emt 0:00:30]} cxd4 {[%emt 0:00:30]} 7. exd4 {[%emt 0:00:30]} exd4 {[%emt 0:00:30]} 8. Nxd4 {[%emt 0:00:30]} d5 {[%emt 0:00:30]} 9. Nxc6 {[%emt 0:00:30]} bxc6 {[%emt 0:00:30]} 10. cxd5 {[%emt 0:00:30]} cxd5 {[%emt 0:00:30]} 11. Be3 {[%emt 0:00:30]} O-O {[%emt 0:00:30]} 12. Be2 {[%emt 0:00:30]} Be6 {[%emt 0:00:30]} 13. O-O {[%emt 0:00:30]} Ne4 {[%emt 0:00:30]} 14. Nb5 {[%emt 0:00:30]} Bf6 {[%emt 0:00:30]} 15. Nd4 {[%emt 0:00:30]} Qb8 {[%emt 0:00:30]} 16. Rb1 {[%emt 0:00:30]} Bd7 {[%emt 0:00:30]} 17. Bg4 {[%emt 0:00:30]} Bxg4 {[%emt 0:00:30]} 18. Qxg4 {[%emt 0:00:30]} Rc8 {[%emt 0:00:30]} 19. Rbc1 {[%emt 0:00:30]} g6 {[%emt 0:00:30]} 20. b4 {[%emt 0:00:30]} h5 {[%emt 0:00:30]} 21. Qd7 {[%emt 0:00:30]} Nc3 {[%emt 0:00:30]} 22. Kh1 {[%emt 0:00:30]} Rc4 {[%emt 0:00:30]} 23. Nb3 {[%emt 0:00:30]} Qe5 {[%emt 0:00:30]} 24. Rfe1 {[%emt 0:00:30]} Re8 {[%emt 0:00:30]} 25. f3 {[%emt 0:00:30]} Re7 {[%emt 0:00:30]} 26. Qd8+ {[%emt 0:00:30]} Kh7 {[%emt 0:00:30]} 27. Nd2 {[%emt 0:00:30]} Rcc7 {[%emt 0:00:30]} 28. Bg1 {[%emt 0:00:30]} Qg5 {[%emt 0:00:30]} 29. Rxe7 {[%emt 0:00:30]} Rxe7 {[%emt 0:00:30]} 30. f4 {[%emt 0:00:30]} Qxf4 {[%emt 0:00:30]} 31. Rf1 {[%emt 0:00:30]} Qe5 {[%emt 0:00:30]} 32. Bc5 {[%emt 0:00:30]} Re6 {[%emt 0:00:30]} 33. Qf8 {[%emt 0:00:30]} Bg7 {[%emt 0:00:30]} 34. Qxf7 {[%emt 0:00:30]} Ne4 {[%emt 0:00:30]} 35. Nxe4 {[%emt 0:00:30]} dxe4 {[%emt 0:00:30]} 36. Bd4 {[%emt 0:00:30]} Qxd4 {[%emt 0:00:30]} 37. Qxe6 {[%emt 0:00:30]} Qd3 {[%emt 0:00:30]} 38. Re1 {[%emt 0:00:30]} Qxa3 {[%emt 0:00:30]} 39. Qxe4 {[%emt 0:00:30]} Qa4 {[%emt 0:00:30]} 40. Qb7 {[%emt 0:00:30]} a5 {[%emt 0:00:30]} 41. b5 {[%emt 0:00:30]} Qb4 {[%emt 0:00:30]} 42. Rc1 {[%emt 0:00:30]} a4 {[%emt 0:00:30]} 43. b6 {[%emt 0:00:30]} a3 {[%emt 0:00:30]} 44. Qc7 {[%emt 0:00:30]} a2 {[%emt 0:00:30]} 45. b7 {[%emt 0:00:30]} Qa3 {[%emt 0:00:30]} 46. Ra1 {[%emt 0:00:30]} Qb2 {[%emt 0:00:30]} 47. Qc1 {[%emt 0:00:30]} Qxa1 {[%emt 0:00:30]} 0-1